| 000 | 00511nam a2200169Ia 4500 | ||
|---|---|---|---|
| 003 | LK-CoDNM | ||
| 008 | 140723t2019 xxu||||| |||| 00| 1 sin d | ||
| 020 |
_a _a9789552128912 |
||
| 040 |
_aLK-CoDNM _dLK-CoDNM _eLK-CoDNM |
||
| 041 | _asin | ||
| 080 |
_aX92 _bMAL |
||
| 100 |
_aද මැල්, ලාල් ප්රේමනාත් _vD Mel,Lal Premanath |
||
| 245 | _aපන්ඩුකාභය රජතුමා | ||
| 246 | _aPandukabaya Rajathuma | ||
| 260 |
_bGunasena _aColombo _c2019 |
||
| 942 | _cBK | ||
| 999 |
_c80258 _d80258 |
||